1866 1934 1207 1145 1765 1131 1182 1937 1447 1304 1983 1491 1893 1222 1630 1456 1002 1374 1376 1517 1687 1582 1390 1751 1543 1142 1643 1346 1143 1731 1680 1268 1576 1892 1162 1093 1057 1718 1193 1283 1524 1262 1059 1703 1176 1976 1622 1538 1887 1150 1840 1898 1920 1343 1084 1850 1052 1776 1720 1315 1914 1753 1535 1733 1722 1470 1127 1457 1984 1159 1427 1677 1120 1593 1932 1737 1199 1381 1781 1156 1997 1063 1995 1170 1321 1046 1338 1229 1176 1298 1731 1954 1524 1664 1448 1807 1446 1568 1391 BCNSPRNW ULIB Ver.6.0+V

เปลี่ยนเป็นภาษาไทย

Change to English
 แสดงรายละเอียดบรรณานุกรม
  กลับหน้าหลัก

Brief Record : Get Marc (ISO 2709) : E-mail record : QR code < ปิดหน้าต่าง
LEADER : 00000nas 2200000uu 4500
001    13399125914
003     ULIB
008    170927s2559||||th 000 0 tha d
024    ^a9786161132965
245 00 ^aราชประชาสมาสัยสาร/^bมูลนิธิราชประชาสมาสัย ในพระบรมราชูปถัมภ์^c2560
310    ^aรายเดือน
850 ^a ULIB^bปีที่ 56 ฉบับที่ พิเศษ ฉ.1
945    ^p0^l0^i904647
999    ^aประนอม เกษจรัล
รายการนี้ยังไม่มีแท็ก
คุณยังไม่ได้ล็อกอิน คุณสามารถมีกิจกรรมร่วมกับเว็บไซต์ได้ แต่ต้องล็อกอินก่อน ::
  ล็อกอิน

รายการสื่อสารสนเทศ (วารสาร)

ดูแบบ: กล่อง รายการ
ARRIVED
ปีที่ 56 ฉบับที่ พิเศษ ฉ.1
สถานที่: ห้องสมุดวิทยาเขตสวรรค์ประชารักษ์ >หนังสือพิมพ์

BibComment


ยังไม่เคยถูกคอมเมนท์

คอมเมนท์ทรัพยากรรายการนี้
  คอมเมนท์: ราชประชาสมาสัยสา..


 Copyright 2026. Bcnsprnw @Library